000 00491nam a2200181Ia 4500
001 12867
003 IN-NITTTR
005 20251114233120.0
008 251113s9999||||xx |||||||||||||| ||eng||
040 _beng
040 _cIN-NITTTR
041 _aeng
082 _a658.407124 A38M
100 _aAsthon, David
245 0 _aManagement development in the organization :
_b analysis and action /
_cAsthon, David, Easterbt-Smith, Mark
700 _a Easterbt-Smith, Mark
942 _2ddc
_cBK
999 _c15503
_d15503